Commercial dispute resolution 2011 / (Record no. 5170)

MARC details
000 -LEADER
fixed length control field 00930nam a22002537a 4500
008 - FIXED-LENGTH DATA ELEMENTS--GENERAL INFORMATION
fixed length control field 120914t xxu||||| |||| 00| 0 eng d
020 ## - INTERNATIONAL STANDARD BOOK NUMBER
International Standard Book Number 9-7819-0762-4216
082 ## - DEWEY DECIMAL CLASSIFICATION NUMBER
Edition number 18 ed.
Classification number 346.07 WAR
Item number
100 ## - MAIN ENTRY--PERSONAL NAME
Personal name Waring, Michael
9 (RLIN) 6617
245 ## - TITLE STATEMENT
Title Commercial dispute resolution 2011 /
Statement of responsibility, etc Michael Waring
260 ## - PUBLICATION, DISTRIBUTION, ETC. (IMPRINT)
Place of publication, distribution, etc Guildford :
Name of publisher, distributor, etc College of law publishing
Date of publication, distribution, etc 2011
300 ## - PHYSICAL DESCRIPTION
Extent xxiii. ; 265 p. :
Dimensions 30 cm.
500 ## - GENERAL NOTE
General note Includes Index
630 ## - SUBJECT ADDED ENTRY--UNIFORM TITLE
Source of heading or term Commercial dispute resolution
650 ## - SUBJECT ADDED ENTRY--TOPICAL TERM
Topical term following geographic name as entry element
9 (RLIN) 6619
Topical term or geographic name as entry element Dispute resolution (Law) -- Wales -- Handbooks, manuals, etc
650 ## - SUBJECT ADDED ENTRY--TOPICAL TERM
Topical term or geographic name as entry element Commercial dispute resolution
9 (RLIN) 6681
650 ## - SUBJECT ADDED ENTRY--TOPICAL TERM
Topical term or geographic name as entry element Arbitration and award -- England -- Handbooks, manuals, etc
9 (RLIN) 6682
650 ## - SUBJECT ADDED ENTRY--TOPICAL TERM
Topical term or geographic name as entry element Arbitration and award -- England -- Handbooks, manuals, etc
9 (RLIN) 6683
650 ## - SUBJECT ADDED ENTRY--TOPICAL TERM
Topical term or geographic name as entry element Arbitration and award -- Wales -- Handbooks, manuals, etc
9 (RLIN) 6684
650 ## - SUBJECT ADDED ENTRY--TOPICAL TERM
Source of heading or term
650 ## - SUBJECT ADDED ENTRY--TOPICAL TERM
Source of heading or term
650 ## - SUBJECT ADDED ENTRY--TOPICAL TERM
Source of heading or term
942 ## - ADDED ENTRY ELEMENTS (KOHA)
Source of classification or shelving scheme Dewey Decimal Classification
Item type Books
Holdings
Withdrawn status Lost status Source of classification or shelving scheme Damaged status Not for loan Home library Current library Date acquired Total Checkouts Full call number Barcode Date last seen Copy number Price effective from Koha item type Public note
    Dewey Decimal Classification     Archives Archives 09/14/2012   346.07 WAR 3914/2012 09/14/2012 1 09/14/2012 Books Reference book
    Dewey Decimal Classification     Archives Archives 09/14/2012   346.07 WAR 3918/2012 09/14/2012 2 09/14/2012 Books Reserve book
    Dewey Decimal Classification     Archives Archives 09/14/2012   346.07 WAR 3919/2012 09/14/2012 3 09/14/2012 Books Reserve book
    Dewey Decimal Classification     Archives Archives 09/14/2012   346.07 WAR 3920/2012 09/14/2012 4 09/14/2012 Books Reserve book